1176 1659 1022 1276 1465 1780 1146 1658 1422 1118 1965 1295 1828 1403 1808 1985 1881 1830 1983 1791 1572 1869 1488 1887 1343 1889 1727 1179 1568 1734 1569 1360 1361 1353 1295 1791 1715 1586 1187 1113 1477 1838 1187 1758 1599 1130 1209 1619 1679 1914 1114 1842 1365 1032 1900 1082 1149 1580 1937 1090 1829 1705 1711 1609 1294 1364 1227 1238 1632 1144 1417 1909 1146 1902 1826 1619 1213 1694 1647 1314 1825 1349 1883 1645 1859 1046 1016 1842 1443 1246 1737 1925 1189 1874 1920 1777 1866 1797 1714 BCNSPRNW ULIB Ver.6.0+V

เปลี่ยนเป็นภาษาไทย

Change to English
 แสดงรายละเอียดบรรณานุกรม
  กลับหน้าหลัก

Brief Record : Get Marc (ISO 2709) : E-mail record : QR code < ปิดหน้าต่าง
LEADER : 00000nam 2200000uu 4500
001    13399128534
003     ULIB
008    230831s2560||||th 000 0 tha d
020    ^a9786163920607
060    ^aWS440^bV112น
100    ^a^ Vacharobon Thirakhupt
245    ^aนิทานสุภาษิต 2 ภาษา (ไทย-อังกฤษ) สอนให้เด็ก ๆ รู้จักระมัดระวังอันตรายจากคนแปลกหน้า นกกระยางเจ้าเล่ห์ : The Tricky Egret
250    ^aพิมพ์ครั้งที่ 1
260    ^aกรุงเทพฯ :^bโลกหนังสือ,^c2560
300    ^a10 หน้า;^c19 ซม.
650    ^aนิทานเด็ก
650    ^aเด็ก-พัฒนาการ
945    ^p50^l0^i010302
999    ^aประนอม เกษจรัล
รายการนี้ยังไม่มีแท็ก
คุณยังไม่ได้ล็อกอิน คุณสามารถมีกิจกรรมร่วมกับเว็บไซต์ได้ แต่ต้องล็อกอินก่อน ::
  ล็อกอิน

รายการสื่อสารสนเทศ

ลำดับที่ ประเภท เลขเรียก/บาร์โค้ด สถานที่ สถานะ
1. วิทยาศาสตร์การแพทย์ และสุขภาพ
วิทยาศาสตร์การแพทย์ และสุขภาพ
WS440 V112น ฉ.1 
  Barcode: 010302
ห้องสมุดวิทยาเขตสวรรค์ประชารักษ์
►หนังสือทั่วไป
ถูกยืม กำหนดส่งวันที่ 25 เมษายน 2568
  จอง

รายการใกล้เคียง
    ชื่อเรื่อง [นิทานสุภาษิต 2 ภาษา (ไทย-อังกฤษ) สอนให้เด็ก ๆ รู้จักระมัดระวังอันตรายจากคนแปลกหน้า นกกระยางเจ้าเล่ห์ : The Tricky Egret]

    ผู้แต่ง [^ Vacharobon Thirakhupt]

    หัวเรื่อง [นิทานเด็ก]
    หัวเรื่อง [เด็ก-พัฒนาการ]

BibComment


ยังไม่เคยถูกคอมเมนท์

คอมเมนท์ทรัพยากรรายการนี้
  คอมเมนท์: นิทานสุภาษิต 2 ภ..


 Copyright 2026. Bcnsprnw @Library